Der Ursprung der Sprache im Zusammenhange mit den Letzten Fragen Alles Wissens (Record no. 165741)

MARC details
000 -LEADER
campo de control de longitud fija 00655nam a22001695i 4500
001 - NÚMERO DE CONTROL
campo de control 165741
003 - IDENTIFICADOR DE NÚMERO DE CONTROL
campo de control ES-MaACL
005 - FECHA Y HORA DE LA ÚLTIMA TRANSACCIÓN
campo de control 20230906213210.0
008 - DATOS DE LONGITUD FIJA--INFORMACIÓN GENERAL
campo de control de longitud fija 050906s1877 gw | |||||||| ||ger d
040 ## - FUENTE DE CATALOGACIÓN
Centro catalogador/agencia de origen CAM
Lengua de catalogación spa
Centro/agencia transcriptor CAM
100 1# - ENTRADA PRINCIPAL--NOMBRE DE PERSONA
Nombre de persona Steinthal, Heymann (
Fechas asociadas al nombre 1823-1899)
9 (RLIN) 132894
245 14 - MENCIÓN DEL TÍTULO
Título Der Ursprung der Sprache im Zusammenhange mit den Letzten Fragen Alles Wissens
Resto del título : Eine Darstellung, Kritik und Fortentwicklung der Vorzüglichten Ansichten /
Mención de responsabilidad, etc. von H. Steinthal.
260 ## - PUBLICACIÓN, DISTRIBUCIÓN, ETC.
Lugar de publicación, distribución, etc. Berlin :
Nombre del editor, distribuidor, etc. Ferd. Dürmmlers Verlagbuchhandlung,
Fecha de publicación, distribución, etc. 1877.
300 ## - DESCRIPCIÓN FÍSICA
Extensión XVI, 374 p. ;
Dimensiones 23 cm.
650 #4 - PUNTO DE ACCESO ADICIONAL DE MATERIA--TÉRMINO DE MATERIA
Término de materia o nombre geográfico como elemento de entrada Lenguaje.
9 (RLIN) 14341
852 ## - LOCALIZACIÓN
Ubicación ES-MaACL
Número de control de estantería G-2803
Nota libre -- Enc. hol.
Holdings
Estatus retirado Estado de pérdida Estado de daño No para préstamo Colección Biblioteca de origen Biblioteca actual Ubicación en estantería Fecha de adquisición Fuente de adquisición Total de préstamos Signatura topográfica completa Código de barras Visto por última vez Precio de reemplazo Tipo de ítem Koha
        Libros del s. XIX Biblioteca del Ateneo de Madrid Biblioteca del Ateneo de Madrid Depósito 2 17/01/2008     G-2803 1173818 23/02/2023 23/02/2023 Libro impreso antiguo